000 00199nam a22000857a 4500
008 161122b xxu||||| |||| 00| 0 eng d
100 _91334
_aAlmond.D.
245 _aHeaven Eyes
260 _aUK
_bHodder
_c2006
999 _c4045
_d4045